[Event "RUS-ch blitz"]
[Site "Sochi"]
[Date "2018.10.07"]
[Round "2.17"]
[White "Riazantsev, Alexander"]
[Black "Jakovenko, Igor"]
[Result "1-0"]
[WhiteElo "2649"]
[BlackElo "2170"]
[PlyCount "113"]
[EventDate "2018.10.07"]
[EventType "swiss (blitz)"]
[EventRounds "20"]
[EventCountry "RUS"]
[SourceTitle "CBM 186 Extra"]
[Source "ChessBase"]
[SourceDate "2018.08.24"]
[SourceVersion "1"]
[SourceVersionDate "2018.08.24"]
[SourceQuality "1"]

1. d4 d5 2. c4 c6 3. Nc3 Nf6 4. e3 g6 5. Nf3 Bg7 6. h3 0-0 7. Bd3 a6 8. 0-0 Nbd7 9. cxd5 Nxd5 10. Bd2 N7b6 11. Ne4 a5 12. a3 Bf5 13. Qc2 Qc8 14. Rfd1 Re8 15. Rac1 h5 16. Be1 Qc7 17. Nh4 Bd7 18. Nc5 Bc8 19. Nf3 Nd7 20. e4 Nf4 21. Bf1 Nxc5 22. Qxc5 Ne6 23. Qc2 Nf4 24. Bc3 a4 25. Bc4 Be6 26. Bxe6 Nxe6 27. Qd2 Qf4 28. Qe2 Red8 29. Rc2 Ng5 30. Nxg5 Qxg5 31. Rcd2 Qf4 32. Rd3 e6 33. Rf3 Qg5 34. Qc4 Rd7 35. Rfd3 Qf4 36. Re3 Qh4 37. Re2 Qf4 38. g3 Qg5 39. Kg2 h4 40. g4 Qe7 41. f4 Ra6 42. Rf1 b5 43. Qd3 Rb6 44. Qe3 Qd8 45. Rd2 Rbb7 46. f5 exf5 47. gxf5 c5 48. d5 Bxc3 49. bxc3 Re7 50. fxg6 fxg6 51. e5 Rbd7 52. Qg5 Qe8 53. Rf6 Rg7 54. e6 Rd6 55. Rdf2 Qe7 56. Qe5 Kh7 57. Rf7 1-0

[Event "RUS-ch 60th zt"]
[Site "Rostov on Don"]
[Date "2007.03.??"]
[Round "8"]
[White "Piskunov, Yury"]
[Black "Jakovenko, Igor"]
[Result "1/2-1/2"]
[WhiteElo "2322"]
[BlackElo "2222"]
[PlyCount "46"]
[EventDate "2007.03.16"]
[EventType "swiss"]
[EventRounds "9"]
[EventCountry "RUS"]
[SourceTitle "EXT 2022"]
[Source "ChessBase"]
[SourceDate "2021.10.06"]
[SourceVersion "1"]
[SourceVersionDate "2021.10.06"]
[SourceQuality "1"]

1. e4 e6 2. d4 d5 3. Nc3 Nf6 4. Bg5 Bb4 5. e5 h6 6. Bd2 Bxc3 7. bxc3 Ne4 8. Qg4 Kf8 9. Bd3 Nxd2 10. Kxd2 c5 11. h4 Nc6 12. Rh3 Qc7 13. Rg3 g6 14. Qf4 Ke8 15. Nf3 Qe7 16. Qf6 Qxf6 17. exf6 Bd7 18. Rb1 cxd4 19. cxd4 b6 20. Bb5 Nb8 21. Ne5 Bxb5 22. Rxb5 Nd7 23. Nxd7 Kxd7 1/2-1/2

[Event "Voronezh op-A"]
[Site "Voronezh"]
[Date "2006.06.21"]
[Round "9"]
[White "Feoktistov, Alexey A"]
[Black "Jakovenko, Igor"]
[Result "1-0"]
[WhiteElo "2421"]
[BlackElo "2234"]
[PlyCount "69"]
[EventDate "2006.06.12"]
[EventType "swiss"]
[EventRounds "9"]
[EventCountry "RUS"]
[SourceTitle "CBM 112 Extra"]
[Source "ChessBase"]
[SourceDate "2006.07.14"]
[SourceVersion "1"]
[SourceVersionDate "2006.07.14"]
[SourceQuality "1"]

1. e4 e5 2. Nf3 Nc6 3. Bc4 Nf6 4. Ng5 d5 5. exd5 Na5 6. Bb5+ c6 7. dxc6 bxc6 8. Be2 h6 9. Nf3 e4 10. Ne5 Bd6 11. d4 exd3 12. Nxd3 Qc7 13. Nc3 0-0 14. h3 Bf5 15. 0-0 Rad8 16. Re1 Qb8 17. Bf1 Bg6 18. Qf3 Nd5 19. Nxd5 cxd5 20. b3 Qc8 21. Bd2 Nc6 22. c3 Be4 23. Qg4 Bf5 24. Qa4 Bc7 25. Bf4 Bb6 26. Ne5 Na5 27. Rac1 Be4 28. b4 Nb7 29. Nc6 Rde8 30. Nd4 Bg6 31. Qc6 Bxd4 32. Qxc8 Rxc8 33. cxd4 Rxc1 34. Rxc1 Nd8 35. Bd6 1-0

[Event "Voronezh op-A"]
[Site "Voronezh"]
[Date "2006.06.19"]
[Round "7"]
[White "Kachko, Alexander"]
[Black "Jakovenko, Igor"]
[Result "1/2-1/2"]
[WhiteElo "2291"]
[BlackElo "2234"]
[PlyCount "109"]
[EventDate "2006.06.12"]
[EventType "swiss"]
[EventRounds "9"]
[EventCountry "RUS"]
[SourceTitle "CBM 112 Extra"]
[Source "ChessBase"]
[SourceDate "2006.07.14"]
[SourceVersion "1"]
[SourceVersionDate "2006.07.14"]
[SourceQuality "1"]

1. Nf3 d5 2. g3 c6 3. Bg2 Bg4 4. d3 Bxf3 5. Bxf3 Nd7 6. Bg2 Ngf6 7. Nd2 e5 8. 0-0 Bd6 9. e4 Qc7 10. Qe2 0-0 11. Nf3 Rfe8 12. Nh4 Rad8 13. Nf5 Bf8 14. g4 g6 15. Nh6+ Bxh6 16. Bxh6 Re6 17. Bg5 Rde8 18. Bf3 Qd6 19. h4 Kg7 20. Rad1 h6 21. Bc1 Ng8 22. Kg2 Nf8 23. Rh1 R6e7 24. c3 Ne6 25. Rhe1 Nf4+ 26. Bxf4 exf4 27. Qd2 dxe4 28. Rxe4 Rxe4 29. Bxe4 Qf6 30. Bf3 Qxh4 31. Qxf4 Re6 32. d4 Ne7 33. Rh1 Qg5 34. Qxg5 hxg5 35. Rd1 f5 36. Kf1 Kf6 37. Re1 Rd6 38. Kg2 b6 39. Kg3 Kf7 40. Bd1 Rf6 41. Bb3+ Kf8 42. f3 Rd6 43. Re5 Rf6 44. Be6 Ke8 45. b4 Kf8 46. c4 fxg4 47. Bxg4 Rd6 48. Re4 Nf5+ 49. Kf2 Nxd4 50. Re5 Nc2 51. b5 cxb5 52. cxb5 Nb4 53. Rxg5 Nxa2 54. Bh3 Nc3 55. Bf1 1/2-1/2

[Event "Voronezh op-A"]
[Site "Voronezh"]
[Date "2006.06.18"]
[Round "6"]
[White "Jakovenko, Igor"]
[Black "Voitsekhovsky, Stanislav"]
[Result "0-1"]
[WhiteElo "2234"]
[BlackElo "2490"]
[PlyCount "78"]
[EventDate "2006.06.12"]
[EventType "swiss"]
[EventRounds "9"]
[EventCountry "RUS"]
[SourceTitle "CBM 112 Extra"]
[Source "ChessBase"]
[SourceDate "2006.07.14"]
[SourceVersion "1"]
[SourceVersionDate "2006.07.14"]
[SourceQuality "1"]

1. e4 c5 2. c3 e6 3. d4 d5 4. exd5 exd5 5. Nf3 Nc6 6. Be2 Bd6 7. dxc5 Bxc5 8. 0-0 Nge7 9. Nbd2 0-0 10. Nb3 Bd6 11. Nbd4 Bg4 12. Bg5 Qb8 13. h3 Bd7 14. Qd2 a6 15. Bd3 Qc7 16. Rfe1 f6 17. Be3 Ne5 18. Rad1 Rad8 19. Bb1 Rf7 20. Qc2 g6 21. a3 g5 22. Ba2 Rg7 23. Nxe5 fxe5 24. Ne2 Be6 25. Ng3 Rg6 26. Qc1 e4 27. Ne2 g4 28. hxg4 Rxg4 29. Nd4 Bf7 30. Bg5 Bh2+ 31. Kf1 Bf4 32. Bxf4 Rxf4 33. Re3 Rf8 34. Rd2 Rh4 35. Ke2 Bh5+ 36. f3 Rh2 37. Qg1 Qg3 38. Kd1 exf3 39. Nxf3 Rxf3 0-1

[Event "Krasnodar"]
[Site "Krasnodar"]
[Date "2006.03.??"]
[Round "?"]
[White "Doroshenko, Diana"]
[Black "Jakovenko, Igor"]
[Result "1-0"]
[WhiteElo "2058"]
[BlackElo "2234"]
[PlyCount "53"]
[EventDate "2006.03.??"]
[EventType "tourn"]
[EventRounds "9"]
[EventCountry "RUS"]
[SourceTitle "CBM 111 Extra"]
[Source "ChessBase"]
[SourceDate "2006.05.09"]
[SourceVersion "1"]
[SourceVersionDate "2006.05.09"]
[SourceQuality "1"]

1. e4 e5 2. Bc4 Nf6 3. d3 Nc6 4. Nf3 Be7 5. c3 0-0 6. Bb3 d5 7. Qe2 Be6 8. Nbd2 h6 9. h3 Kh8 10. Nf1 Na5 11. Nxe5 Nxb3 12. axb3 dxe4 13. dxe4 Bxb3 14. Nd2 Bc2 15. Ng4 Bd3 16. Qe3 Nxg4 17. hxg4 b6 18. Rh5 c6 19. Rh3 Bc2 20. b4 Re8 21. Ra2 Bxe4 22. Nxe4 Bg5 23. f4 Qd5 24. Re2 Rad8 25. fxg5 Qd1+ 26. Kf2 Rd3 27. Qxd3 1-0

[Event "Krasnodar"]
[Site "Krasnodar"]
[Date "2006.03.??"]
[Round "?"]
[White "Fomichenko, Eduard"]
[Black "Jakovenko, Igor"]
[Result "0-1"]
[WhiteElo "2385"]
[BlackElo "2234"]
[PlyCount "100"]
[EventDate "2006.03.??"]
[EventType "tourn"]
[EventRounds "9"]
[EventCountry "RUS"]
[SourceTitle "CBM 111 Extra"]
[Source "ChessBase"]
[SourceDate "2006.05.09"]
[SourceVersion "1"]
[SourceVersionDate "2006.05.09"]
[SourceQuality "1"]

1. d4 d5 2. Nf3 c6 3. c4 e6 4. e3 Nf6 5. Nbd2 a6 6. Bd3 Nbd7 7. 0-0 Be7 8. e4 dxe4 9. Nxe4 Nxe4 10. Bxe4 Nf6 11. Bc2 c5 12. Bg5 cxd4 13. Nxd4 h6 14. Bh4 0-0 15. Qd3 g6 16. Rfe1 Qa5 17. Qf3 Kg7 18. a3 Qc5 19. Qc3 Rd8 20. Rad1 Bd7 21. b4 Qh5 22. Bg3 Rac8 23. Re5 g5 24. Nf5+ exf5 25. Rxe7 Be6 26. Rxd8 Rxd8 27. f3 f4 28. Bf2 g4 29. Bd4 Qh4 30. Bxf6+ Qxf6 31. Qxf6+ Kxf6 32. Rc7 gxf3 33. Be4 fxg2 34. Kxg2 Ke5 35. Bxb7 Rd2+ 36. Kg1 Kd4 37. Bd5 Ke3 38. h4 Bxd5 39. cxd5 Rd1+ 40. Kh2 f3 41. Re7+ Kf2 42. Rxf7 Rxd5 43. Rf6 h5 44. Rxa6 Rd4 45. Kh3 Kg1 46. Rg6+ Rg4 47. Rxg4+ hxg4+ 48. Kxg4 f2 49. h5 f1Q 50. h6 Qf6 0-1

[Event "Voronezh op"]
[Site "Voronezh"]
[Date "2005.06.20"]
[Round "8"]
[White "Golovin, Leonid"]
[Black "Jakovenko, Igor"]
[Result "1-0"]
[WhiteElo "2403"]
[BlackElo "2031"]
[PlyCount "59"]
[EventDate "2005.06.12"]
[EventType "swiss"]
[EventRounds "9"]
[EventCountry "RUS"]
[SourceTitle "CBM 106 Extra"]
[Source "ChessBase"]
[SourceDate "2005.07.01"]
[SourceVersion "1"]
[SourceVersionDate "2005.07.01"]
[SourceQuality "1"]

1. e4 e5 2. Nf3 Nc6 3. d3 Nf6 4. g3 d5 5. Nbd2 Bg4 6. h3 Bh5 7. Bg2 Qd7 8. g4 Bg6 9. Nh4 dxe4 10. dxe4 0-0-0 11. Nxg6 hxg6 12. c3 Nh7 13. h4 Kb8 14. Qe2 Bc5 15. b4 Be7 16. Nc4 Bxb4 17. cxb4 Nd4 18. Qd1 Qc6 19. Qd3 Qe6 20. Bb2 Qxg4 21. Kf1 Qe6 22. Nxe5 Qxe5 23. Rd1 Qb5 24. Bxd4 Qxb4 25. Bf3 Nf6 26. e5 c5 27. exf6 Rxd4 28. fxg7 Rhd8 29. Qc2 Qb5+ 30. Kg2 1-0

[Event "Krasnodar South Region-ch"]
[Site "Krasnodar"]
[Date "2005.02.??"]
[Round "?"]
[White "Jakovenko, Igor"]
[Black "Elderov, Fazil"]
[Result "0-1"]
[WhiteElo "2103"]
[BlackElo "2152"]
[PlyCount "32"]
[EventDate "2005.02.??"]
[EventType "swiss"]
[EventRounds "9"]
[EventCountry "RUS"]
[SourceTitle "EXT 2006"]
[Source "ChessBase"]
[SourceDate "2005.11.24"]
[SourceVersion "1"]
[SourceVersionDate "2005.11.24"]
[SourceQuality "1"]

1. e4 e5 2. Nf3 Nc6 3. Nc3 Nf6 4. d4 Bb4 5. d5 Ne7 6. Bd3 d6 7. h3 0-0 8. 0-0 Bxc3 9. bxc3 Ne8 10. g4 Ng6 11. Nh2 h6 12. Be3 Nf6 13. Qd2 Nh7 14. f3 Qh4 15. Qg2 Ng5 16. Bxg5 hxg5 0-1

[Event "Krasnodar South Region-ch"]
[Site "Krasnodar"]
[Date "2005.02.??"]
[Round "?"]
[White "Jakovenko, Igor"]
[Black "Piskunov, Yury"]
[Result "1/2-1/2"]
[WhiteElo "2103"]
[BlackElo "2363"]
[PlyCount "27"]
[EventDate "2005.02.??"]
[EventType "swiss"]
[EventRounds "9"]
[EventCountry "RUS"]
[SourceTitle "EXT 2006"]
[Source "ChessBase"]
[SourceDate "2005.11.24"]
[SourceVersion "1"]
[SourceVersionDate "2005.11.24"]
[SourceQuality "1"]

1. d4 d5 2. c4 c6 3. Nc3 Nf6 4. Nf3 e6 5. g3 dxc4 6. a4 Bb4 7. Bg2 0-0 8. 0-0 Nbd7 9. Bg5 h6 10. Bf4 Nd5 11. Bd2 Nxc3 12. bxc3 Bd6 13. e4 c5 14. Qe2 1/2-1/2

[Event "Voronezh op-B"]
[Site "Voronezh"]
[Date "2004.06.13"]
[Round "2"]
[White "Jakovenko, Igor"]
[Black "Pogosian, Georgy"]
[Result "1-0"]
[WhiteElo "2039"]
[BlackElo "2240"]
[PlyCount "97"]
[EventDate "2004.06.12"]
[EventType "swiss"]
[EventRounds "9"]
[EventCountry "RUS"]
[SourceTitle "EXT 2005"]
[Source "ChessBase"]
[SourceDate "2004.11.15"]
[SourceVersion "1"]
[SourceVersionDate "2004.11.15"]
[SourceQuality "1"]

1. e4 e6 2. d3 d5 3. Nd2 Nf6 4. Ngf3 c5 5. c3 Nc6 6. g3 Be7 7. Bg2 b6 8. Qa4 Bb7 9. e5 Nd7 10. 0-0 Qc7 11. Re1 0-0-0 12. d4 g5 13. h3 h5 14. Nf1 Rdg8 15. Ne3 Kb8 16. g4 Nf8 17. gxh5 Rxh5 18. Ng4 Rgh8 19. Be3 Ng6 20. a3 c4 21. b4 cxb3 22. Qxb3 Na5 23. Qd1 Nc4 24. Bc1 Na5 25. Bd2 Ba6 26. Rb1 Bd3 27. Bxg5 Bxb1 28. Bxe7 Qxe7 29. Qxb1 Nf4 30. Nf6 Nxh3+ 31. Kf1 Rf5 32. Qb5 Rxf6 33. exf6 Qxf6 34. Re2 Nc4 35. Ne5 Ne3+ 36. Ke1 Nxg2+ 37. Kd1 Nxf2+ 38. Kc2 Qf5+ 39. Kb3 Qb1+ 40. Rb2 Qd1+ 41. Ka2 Ne4 42. Qc6 Nf6 43. Qd6+ Kb7 44. Qe7+ Kc8 45. Qxa7 Rh7 46. Qa8+ Kc7 47. Qc6+ Kd8 48. Qxb6+ Ke7 49. Qc5+ 1-0